000 00309nam a2200109 4500
008 160630b xxu||||| |||| 00| 0 eng d
100 _91541
_a Jain, R.K
245 _aWell Done Guide Functional English - XI
260 _aN.D
_bArya
_c2005
300 _aWell Done Guide Functional English - XI
942 _2ddc
_cBK
999 _c1273
_d1273